00657nam a2200217Ia 450000500170000000800410001702000180005804000180007604100080009408200220010210000210012424501010014525000120024626000430025830000120030165000210031365000220033465000430035670000200039970000200041920220924114321.0210716s2013 xx 000 0 und d a9788131518854 cAIMIT LIBRARY aeng a621.382 23bPROJ aProakis, John G. aModern communication systems using matlab /cBy John G Proakis, Masoud Salehi and Gerhard Bauch. a3rd ed. aNew Delhi :bCengage Learning ,c2013. axii,580 aRandom processes aAnalog modulation aTransmission through wireless channels aSalehi, Masoud. aBauch, Gerhard.